Hospodářské a obchodní vztahy České republiky se zeměmi subsaharské Afriky

Krajiny subsaharskej Afriky ako najchudobnejšie a najzaostalejšie krajiny. Vývoj vzájomných obchodných a ekonomických vzťahov. Začiatky spolupráce so socialisticky orientovanými krajinami. Spolupráca v oblasti výstvaby investičných celkov. Vzájomné obchodné a ekonomické vzťahy na prelome tisícročia....

Celý popis

Uložené v:
Podrobná bibliografia
Hlavný autor: Tlapa, Martin
Médium: Kapitola
Jazyk:Czech
Predmet:
Tagy: Pridať tag
Žiadne tagy, Buďte prvý, kto otaguje tento záznam!

MARC

LEADER 00000naa$a2200000$$$4500
001 0057772
005 20231016092904.1
041 0 |a cze 
044 |a CZ 
245 1 0 |a Hospodářské a obchodní vztahy České republiky se zeměmi subsaharské Afriky  |c Martin Tlapa 
520 |a Krajiny subsaharskej Afriky ako najchudobnejšie a najzaostalejšie krajiny. Vývoj vzájomných obchodných a ekonomických vzťahov. Začiatky spolupráce so socialisticky orientovanými krajinami. Spolupráca v oblasti výstvaby investičných celkov. Vzájomné obchodné a ekonomické vzťahy na prelome tisícročia. Perspektívy spolupráce z hľadiska teritórií a tovarov. 
610 2 0 |a vzťahy hospodárske vonkajšie 
610 2 0 |a vzťahy medzinárodné 
610 2 0 |a obchod zahraničný 
610 2 0 |a spolupráca hospodárska medzinárodná 
610 2 0 |a dovoz 
610 2 0 |a vývoz 
610 2 0 |a pomoc rozvojová 
610 2 0 |a Afrika 
610 2 0 |a Česko 
100 1 |a Tlapa, Martin